| 000 | 01001nam0a22002891 4500 | ||
|---|---|---|---|
| 001 | rc\100639 | ||
| 005 | 20260406121827.0 | ||
| 010 |
_a5-7333-0451-0 _95000 |
||
| 035 | _a(NLR Aleph) 005363928 | ||
| 090 |
_a6927827 _c6927827 |
||
| 100 | _a20021216d1996 |||y0rusy50 ca | ||
| 101 | 0 | _arus | |
| 102 | _aRU | ||
| 105 | _ay ||||||||| | ||
| 200 | 1 |
_aРаннее христианство и переселение душ _fДиакон Андрей Кураев _g[Предисл. В.К. Шохина] |
|
| 210 |
_aМ. _cГнозис _d1996 |
||
| 215 |
_aXVIII, 191 с. _d20 |
||
| 320 | _aБиблиогр. в примеч.: с. 186-191 | ||
| 333 | _a18+ | ||
| 700 | 1 |
_4070 _7ca _8rus _aКураев _bА. В. _f1963- _gАндрей Вячеславович _9110646 _3RU\NLR\auth\77601 |
|
| 801 | 0 |
_aRU _bNLR _gpsbo |
|
| 801 | 1 |
_aRU _bELAR _2rusmarc |
|
| 852 |
_aNLR _j97-3/3567 |
||
| 942 | _cBOOK | ||
| 980 | _aNB | ||
| 980 | _aIA | ||
| 996 |
_aиноагент _bp _cКураев Андрей Вячеславович |
||